Mandarin-Speaking Countries - Statistics

General Stats
  • This quiz has been taken 47 times
  • The average score is 5 of 6
Answer Stats
Region Answer % Correct
East Asia People's Republic of China
100%
Southeast Asia Singapore
94%
East Asia Taiwan
94%
Southeast Asia Malaysia
80%
East Asia Hong Kong
74%
East Asia Macau
71%
No matching quizzes found
Score Distribution
Percent of People with Each Score
Percentile by Number Answered
Your Score History
You have not taken this quiz